Регионална библиотека "Любен Каравелов" - Русе

Танатонавтите (Запис номер 76452)

MARC детайли
000 -Лидер
Контролно поле с фиксирана дължина 01071nam a2200301 c 4500
003 - Код на организацията, давaща контролен номер
Контролно поле BLK
005 - Дата и час на последна редакция
Контролно поле 20201126110544.0
008 - Елементи от данни с фиксирана дължина
fixed length control field 180408b bul|||||r ||||||| ||bul||
010 ## - Наследен системен номер
LC control number KNG00080884000
020 ## - Международен стандартен номер на книга ISBN
Международен стандартен номер на книга ISBN 978-954-529-517-1
-- издат.: Колибри
040 ## - Източник на каталожния запис
Идентификатор на билиотеката - собственик на записа BLK
041 ## - Код за език
Код за езика на текст/звукозапис или на отделно заглавие Български
Код за езика КДБФ Български
080 ## - УДК
Текстов определител УДК Френска литература
УДК код - определител по УДК 821.133.1
УДК определител -312.9
УДК - код + определител 821.133.1-312.9
100 1# - Редна дума - Автор
Автор Вербер, Бернар
Авторска отговорност първи автор
R(LIN) 47602
139 ## - Редно поле
Редна дума Вербер, Бернар
Авторски знак Вер - В 47
245 10 - Сведения за заглавието
Заглавие Танатонавтите
Редно поле (дума) Бернар Вербер; прев. от фр. Иван Георгиев.
257 ## - Страна на издаване
Страна на създаване/издаване Франция
260 ## - Област на издателските данни
-- София
Име на издателя, разпространителя и проч. Колибри
Година на издаване 2007
Печатница София : Симолини
300 ## - Физическа характеристика
Страници 512 с.
Размери/Мащаб 20 см
380 ## - Жанр
Жанр Худож. лит.
500 ## - Общи забележки
Забележка Ориг. загл. Les Thanatonautes / Bernard Werber
700 1# - Други автори (авторска отговорност)
Лично име Георгиев, Иван
Автороска отговорност (Описва отношението между автора и произведението) прев. от фр.
9 (RLIN) 364373
852 ## - Местоположение
Форматна сигнатура Цб 238024
856 4# - Електронен адрес и достъп
Електронен формат pdf - файл
Път до файла /url/
856 4# - Електронен адрес и достъп
Електронен формат pdf - файл
Път до файла /url/
942 ## - АРТИКУЛИ
Вид на библиотечния материал Книги
Скрит в OPAC Не
Koha issues (borrowed), all copies 4
944 ## - СЪЗДАВАНЕ И РЕДАКЦИЯ на ЗАПИСА
Създаване/Редакция Създаване
Дата на регистрацията/редакция 29.01.2008
Служител, извършил регистрацията/редакцията Геновева_Генчева
944 ## - СЪЗДАВАНЕ И РЕДАКЦИЯ на ЗАПИСА
Създаване/Редакция Редакция
Дата на регистрацията/редакция 25.01.2010
Служител, извършил регистрацията/редакцията
999 ## - СИСТЕМНИ КОНТРОЛНИ НОМЕРА
Koha biblionumber 76452
Koha biblioitemnumber 76452
Наличности
Код за отписване Код за изгубен артикул Код за повреда Коз за рестрикции Код за отдаване Артикулен № Име на библиотеката - собственик Име на библиотеката, в която се намира в момента Статус (Текущо местоположение) Дата на вписване в системата Местоположение - отдел Цена в лева Инвентарен номер Систематично азбучна сигнатура Баркод Номер на екземпляра Цена в евро Служебна бележка Служебен тип на артикула
  Не е изгубен Не е повреден без рестрикции заемане за дома 124200 Регионална библиотека "Любен Каравелов" Русе Регионална библиотека "Любен Каравелов" Русе Заемна - подръчен фонд 2008-01-30 Заемна - подръчен фонд 15.00 120000722695 П 840-31/В 47 120000722695 1 7.67 Дост: DA Вид: А N: 1 Дата: 30.01.2008 Дата инв: 09.02.2018 Бележки инв: П2018 Книги
  Не е изгубен Не е повреден без рестрикции ползва се в читалня 124201 Регионална библиотека "Любен Каравелов" Русе Регионална библиотека "Любен Каравелов" Русе Хранилище 2010-01-15 Хранилище 15.00 120000740653 Цб 238024 120000740653 2 7.67 Дост: Dp Вид: Д N: 25 Дата: 10.06.2009 Книги
Vip Innovations Ltd, Rousse, Bulgaria 2025